Practical English usage/ (Record no. 92007)

MARC details
000 -LEADER
fixed length control field 00762nam a22002297a 4500
005 - DATE AND TIME OF LATEST TRANSACTION
control field 20150228174431.0
008 - FIXED-LENGTH DATA ELEMENTS--GENERAL INFORMATION
fixed length control field 150228b xxu||||| |||| 00| 0 eng d
010 ## - LCCN (DPL NO)
LC control number B-591389
020 ## - INTERNATIONAL STANDARD BOOK NUMBER
International Standard Book Number 9780194420983
Terms of availability 395.00
035 ## - SYSTEM CONTROL NUMBER
System control number B-591389
037 ## - SOURCE OF ACQUISITION
Source of stock number/acquisition UBH
040 ## - CATALOGING SOURCE
Original cataloging agency dpl
Language of cataloging en
082 ## - DEWEY DECIMAL CLASSIFICATION NUMBER
Classification number 485
100 ## - MAIN ENTRY--PERSONAL NAME
Personal name Swan, Michael
245 ## - TITLE STATEMENT
Title Practical English usage/
Statement of responsibility, etc by Michael Swan
250 ## - EDITION STATEMENT
Edition statement 3rd ed.
Remainder of edition statement fully revised
260 ## - PUBLICATION, DISTRIBUTION, ETC. (IMPRINT)
Place of publication, distribution, etc Oxford (UK)
Name of publisher, distributor, etc Oxford University Press
Date of publication, distribution, etc 2015
270 ## - ADDRESS
Address Great Clarendon Street
City Oxford
300 ## - PHYSICAL DESCRIPTION
Extent 658p
Dimensions 24cm(pbk)
942 ## - ADDED ENTRY ELEMENTS (KOHA)
Source of classification or shelving scheme Dewey Decimal Classification
Item type English Books
Classification part 485
Call number suffix SWA
Holdings
Withdrawn status Lost status Source of classification or shelving scheme Damaged status Not for loan Collection code Home library Current library Date acquired Source of acquisition Cost, normal purchase price Total Checkouts Total Renewals Full call number Barcode Date last seen Copy number Cost, replacement price Koha item type
    Dewey Decimal Classification     Non-fiction Sarojini Nagar Sarojini Nagar 28/02/2015 UBH/227/20.12.14/DPL/ZLS/RP/2014-15/3/15/8.12.14/20.1.15 395.00 16 14 485 SWA B-591389 28/08/2023 1 395.00 English Books

© Delhi Public Library
Hit Counter
free hit counter